书目信息 |
| 题名: |
锦鲤的养殖与鉴赏
|
|
| 作者: | 苏建通 主编 | |
| 分册: | ||
| 出版信息: | 北京 中国农业出版社 2011.09 |
|
| 页数: | 269页 | |
| 开本: | 29cm | |
| 丛书名: | ||
| 单 册: | ||
| 中图分类: | S965.8 | |
| 科图分类: | ||
| 主题词: | 淡水鱼类--观赏鱼类--鱼类养殖 , 淡水鱼类--观赏鱼类--鉴赏 , 淡水鱼类 , 观赏鱼类 , 鱼类养殖 | |
| 电子资源: | ||
| ISBN: | 978-7-109-15908-2 | |
| 000 | 00875nam0 2200277 450 | |
| 001 | 012011108979 | |
| 005 | 20140609084754.23 | |
| 010 | @a978-7-109-15908-2@b精装@dCNY180.00 | |
| 100 | @a20111017d2011 em y0chiy50 ea | |
| 101 | 0 | @achi |
| 102 | @aCN@b110000 | |
| 105 | @aabckz 000yy | |
| 106 | @ar | |
| 200 | 1 | @a锦鲤的养殖与鉴赏@9jin li de yang zhi yu jian shang@f苏建通主编 |
| 210 | @a北京@c中国农业出版社@d2011.09 | |
| 215 | @a269页@c图,地图,肖像,折图@d29cm | |
| 330 | @a本书共分为四章,主要内容包括:锦鲤的发展史、锦鲤的分类鉴赏、锦鲤养殖与管理、锦鲤与休闲生活等。 | |
| 606 | 0 | @a淡水鱼类@x观赏鱼类@x鱼类养殖 |
| 606 | 0 | @a淡水鱼类@x观赏鱼类@x鉴赏 |
| 606 | 0 | @a淡水鱼类 |
| 606 | 0 | @a观赏鱼类 |
| 606 | 0 | @a鱼类养殖 |
| 690 | @aS965.8@v4 | |
| 701 | 0 | @a苏建通@9su jian tong@4主编 |
| 801 | 0 | @aCN@bRENTIAN@c20111017 |
| 905 | @b547781-82@dS965.8@e37@f2 | |
| 锦鲤的养殖与鉴赏/苏建通主编.-北京:中国农业出版社,2011.09 |
| 269页:图,地图,肖像,折图;29cm |
| ISBN 978-7-109-15908-2(精装):CNY180.00 |
| 本书共分为四章,主要内容包括:锦鲤的发展史、锦鲤的分类鉴赏、锦鲤养殖与管理、锦鲤与休闲生活等。 |
| ● |
| 相关链接 |
|
|
|
|
正题名:锦鲤的养殖与鉴赏
索取号:S965.8/37
 
预约/预借
| 序号 | 登录号 | 条形码 | 馆藏地/架位号 | 状态 | 备注 |
| 1 | 547781 | 205477811 | 第二样本阅览室/ [索取号:S965.8/37] | 在馆 | |
| 2 | 547782 | 205477820 | 第三借阅区/ [索取号:S965.8/37] | 在馆 |